000 00936cam a22002773a 4500
001 5177
003 PGUSA
005 20140828083114.0
008 040201s2004||||xxu|||||s|||||000 p eng d
040 _aPGUSA
_beng
042 _adc
050 4 _aPS
100 1 _aBurroughs, John,
_d1837-1921
245 1 0 _aBirds and Poets :
_bwith Other Papers
_h[electronic resource] /
_cJohn Burroughs
260 _bProject Gutenberg,
_c2004
505 0 _aBirds and poets -- Touches of nature -- A bird medley -- April -- Spring poems -- Our rural divinity -- Before genius -- Before beauty -- Emerson -- The flight of the eagle.
506 _aPublic domain in the USA.
516 _aElectronic text
653 _aNature
653 _aNatural history -- Outdoor books
653 _aAmerican essays -- 19th century
653 _aBirds
830 0 _aProject Gutenberg
_v5177
856 4 0 _uhttp://www.gutenberg.org/ebooks/5177
942 _cEB
999 _c234506
_d234506